| 000 -LEADER |
| fixed length control field |
01445nam a2200157 4500 |
| 008 - FIXED-LENGTH DATA ELEMENTS--GENERAL INFORMATION |
| fixed length control field |
190926b ||||| |||| 00| 0 eng d |
| 100 ## - MAIN ENTRY--PERSONAL NAME |
| Personal name |
Ebdon, Carol et al |
| 245 ## - TITLE STATEMENT |
| Title |
Institutional arrangements for public library funding and spending |
| 260 ## - PUBLICATION, DISTRIBUTION, ETC. (IMPRINT) |
| Name of publisher, distributor, etc |
American Review of Public Administration |
| 300 ## - PHYSICAL DESCRIPTION |
| Extent |
49(5), Jul, 2019: p.532-544. |
| 520 ## - SUMMARY, ETC. |
| Summary, etc |
Wide variation in institutional structure and funding patterns in public libraries make this government function useful for exploring the effect of these differences on expenditures. Based on literature related to willingness to pay, special districts, and fiscal illusion, we hypothesize that libraries with taxing authority and more revenues from nonlocal sources will have higher levels of spending. We use data from an Annual Public Library Survey, and U.S. Census data, in ordinary least squares (OLS) regressions for 2007 and 2010. We find that taxing authority leads to increased spending, as expected. However, the results of funding sources are contrary to expectations; relative reliance on nonlocal sources is generally associated with lower levels of spending. This may be due to “crowding-out” of local sources, and there may also be some effect from reduced state aid following the Great Recession. - Reproduced. |
| 650 ## - SUBJECT ADDED ENTRY--TOPICAL TERM |
| Topical term or geographic name as entry element |
Public library - United States |
| 9 (RLIN) |
11456 |
| 773 ## - HOST ITEM ENTRY |
| Main entry heading |
American Review of Public Administration |
| 906 ## - LOCAL DATA ELEMENT F, LDF (RLIN) |
| Subject DIP |
Libraries |
| 942 ## - ADDED ENTRY ELEMENTS (KOHA) |
| Source of classification or shelving scheme |
|
| Item type |
Articles |